| 000 | 00393nam a22001217a 4500 | ||
|---|---|---|---|
| 082 | _a200 THE | ||
| 100 |
_aDAWOOD SHAH _973178 |
||
| 245 | _aTH-SOF-1772-Endurance Enhancement of Medium Altitude Long Endurance UAV by Airframe Geometry Modification | ||
| 260 |
_aISLAMABAD _bNUST COLLEGE OF EME _c2020 |
||
| 650 | _aMS-ELECT-16 | ||
| 700 | _aSupervisor Dr. FAHAD MUMTAZ MALIK | ||
| 942 |
_cCF _2ddc |
||
| 999 |
_c579007 _d579007 |
||